LIBRARY & INFORMATION CENTRE, KCAET, TAVANUR

ONLINE PUBLIC ACCESS CATALOGUE (OPAC)

Engineering mechanics and strength of materials / (Record no. 3251)

MARC details
000 -LEADER
fixed length control field 00523cam a2200217ua 4500
041 ## - LANGUAGE CODE
Language code of text/sound track or separate title eng
082 ## - DEWEY DECIMAL CLASSIFICATION NUMBER
Classification number 620
Item number KHU/EN
100 ## - MAIN ENTRY--AUTHOR NAME
Personal name Khurmi, R S.
245 ## - TITLE STATEMENT
Title Engineering mechanics and strength of materials /
250 ## - EDITION STATEMENT
Edition statement 8 /
260 ## - PUBLICATION, DISTRIBUTION, ETC. (IMPRINT)
Place of publication New Delhi :
Name of publisher S.Chand and Co ,
Year of publication 1990.
300 ## - PHYSICAL DESCRIPTION
Number of Pages 463 ; .
500 ## - GENERAL NOTE
General note *CSS
942 ## - ADDED ENTRY ELEMENTS (KOHA)
Koha item type Books
Holdings
Withdrawn status Lost status Damaged status Home library Current library Shelving location Date acquired Full call number Accession Number Koha item type
      KAUAET KAUAET Scheme 31/08/2018 620.1 KHU/EN 18163 Books
      KAUAET KAUAET Scheme 31/08/2018 620.1 KHU/EN 18162 Books
      KAUAET KAUAET Scheme 31/08/2018 620.1 KHU/EN 18164 Books
free website counter